|
|
|
|
| LEADER |
00000nkm a2200000 4500 |
| 001 |
vtls011923473 |
| 003 |
SK-MaSNL |
| 005 |
20260301053147.0 |
| 007 |
kf co |
| 008 |
240409q1987 xo g 00 k|slo |
| 015 |
|
|
|a SNBG1987
|
| 035 |
|
|
|a 4364E65C-09F1-49F6-A312-C9FEEE64744E
|
| 035 |
|
|
|a urn:nbn:sk:snk-km43hzb
|
| 035 |
|
|
|a urn:nbn:sk:snk-km00e7wz
|
| 040 |
|
|
|a SNK
|b slo
|c SNK
|e rda
|
| 041 |
0 |
|
|a slo
|
| 044 |
|
|
|a xo
|c SK
|
| 072 |
|
7 |
|a 82
|x Literatúra. Literárny život
|2 konspekt
|
| 080 |
|
|
|a 82
|2 2011
|
| 080 |
|
|
|a (084.5)
|2 2011
|
| 245 |
0 |
0 |
|a Literárny Kežmarok 2003
|h grafika
|b programový plagát
|
| 264 |
|
1 |
|a [Slovensko]
|b [vydavateľ neznámy]
|c 2003
|
| 300 |
|
|
|a 1 plagát
|b farebný
|c 30 x 42 cm
|
| 336 |
|
|
|a statický obraz
|b sti
|2 rdacontent
|
| 336 |
|
|
|a text
|b txt
|2 rdacontent
|
| 337 |
|
|
|a bez média
|b n
|2 rdamedia
|
| 338 |
|
|
|a list
|b nc
|2 rdacarrier
|
| 500 |
|
|
|a Dátum vydania nie je určený.
|
| 520 |
|
|
|a Zobrazenie: na bledooranžovom podklade text čiernej farby.
|
| 655 |
|
7 |
|a plagáty
|2 SNKPH
|9 70571
|
| 852 |
|
|
|a Slovenská národná knižnica v Martine
|
| 958 |
|
|
|a CP
|
| 958 |
|
|
|a TL
|
| 999 |
|
|
|c 607641
|d 609571
|
| 952 |
|
|
|a SNKLM
|b SNKLM
|y PREZ
|7 0
|p 17A1406226
|o snklm L 3200
|i snklm 16/2003
|8 7
|0 0
|1 0
|4 0
|d 2020-03-11
|f 1
|l 0
|r 2026-02-23 16:13:40
|w 2026-02-23
|